000 00810nam a2200277 4500
001 463
003 OSt
005 20250901072615.0
008 250829b |||||||| |||| 00| 0 eng d
040 _bpor
041 _hpor
082 _a028.5
_bA47x
100 _aAlmeida, Lúcia Machado de
245 _aXisto e o pássaro cósmico:
_cAlmeida, Lúcia Machado de
250 _a3.ed
260 _aSão Paulo
_bÁtica
_c1983
300 _a80p
_bil.
520 _aPara impedir que Rutus destrua o Universo, Xisto tem de empreender uma longa e perigosa viagem interestelar e enfrentar alienígenas.
650 0 _aLiteratura Brasileira
_9205
650 0 _aInfantojuvenil
_9200
650 0 _aAventura
_947
655 0 _aFicção
_922
655 0 _aRomance
_923
830 _aVagalume
_9999
942 _2ddc
_n0
_cBK
999 _c463
_d463